000 00639nam a22001937a 4500
999 _c195677
_d195677
005 20230417155530.0
010 _aUR-11933
020 _a9789380934389
_c160.00
035 _aU-10488
037 _bDBAD/PUB
082 _a841
100 _aمسکین علی حجازی
245 _aصحا فتی زبان /
_cمسکین علی حجازی
246 _aSahafti Zuban /
_bby Miskeen Ali Hijazi
260 _aNew Delhi
_bM.R. Publications
_c2011 ء
270 _a10 Metropole Market, 2724-25, First Floor, Kucha Chelan, Darya Ganj
_bNew Delhi
_e110002
300 _a179 ص
_c22cm(Hb)
942 _2ddc
_cUR
_h841
_mم س ک